| 000 | 00576nam a2200205Ia 4500 | ||
|---|---|---|---|
| 005 | 20221208102921.0 | ||
| 008 | 131103s9999 xx 000 0 und d | ||
| 020 | _cRs.25 | ||
| 040 | _aLoreto College | ||
| 041 | _aEnglish | ||
| 082 |
_a821.91 _bOWE-DAS |
||
| 100 | _aOwens, Wilfred & Sasi Bhusan Das | ||
| 245 |
_aWilfred Owens strange Meeting _b a critical study _cWilfred Owen's & Sasi Bhusan Das |
||
| 260 |
_aCalcutta _bFirma KLM Pvt. Ltd. _c1977 |
||
| 300 | _a131p. | ||
| 504 | _aIncludes appendix | ||
| 650 | _aEnglish poetry | ||
| 850 | _aLCLIB | ||
| 942 | _cBK | ||
| 999 |
_c21958 _d72437 |
||